000 00598nam a22001937a 4500
005 20251108164812.0
008 250721s1991 xx 000 0 ara d
082 1 4 _a813.09/سعي
100 1 _aالورقي، السعيد
245 1 0 _aالقصة و الفنون الجميلة /
264 1 _aالاسكندرية :
_bدار المعرفة الجامعية،
_c1991.
300 _a157ص
650 1 7 _aالقصص العربية
650 1 7 _aالتاريخ الأدبي
650 1 7 _aالنقد الأدبي
650 1 7 _aالفنون الجميلة
942 _2ddc
_cBK
999 _c14716
_d14716